00738nam a22002417a 4500003000500000005001700005008004100022010000900063011000900072035000900081040000900090082001700099100001900116245009500135260005600230300001100286490002200297500001000319650002800329650005700357710006000414830002200474CHAP20220817041128.0971013s1990 r 00010 d a7051 a8023 a7248 cCHAP a080bL6 v.1600aSheahan, John. aModelos de desarrollo en América Latinab: pobreza, represión y estrategia económica aMéxico, D.F. :bAlianza Editorial Mexicana,c1990 a505 p. aLos noventav; 16 a64-1714aDesarrollo económico.14aPaíses subdesarrolladosxCondiciones económicas.0 aConsejo Nacional para la Cultura y las Artes. México.0 aLos noventav; 16